000 00779nam a2200289Ia 4500
005 20260324131138.0
008 008 260324s9999 xx 000 0 eng d
020 _a9781410617224
037 _aEBOOK
040 _aCRL
040 _beng
040 _cCRL
041 _2eng
041 _aeng
084 _qCRL
100 _aEdwin L. Herr; Jack R. Rayman; Dennis E. Heitzmann
_91184391
245 4 _aThe Professional Counselor as Administrator
245 0 _bPerspectives on Leadership and Management of Counseling Services Across Settings
260 _bTaylor and Francis
260 _c2006
365 _a
365 _b220
856 _uhttp://www.taylorfrancis.com/books/9781410617224
942 _cEBOOK
999 _c1781292
_d1781292